[Event "FRA-chT2W 0203"]
[Site "France"]
[Date "2003.04.06"]
[Round "11"]
[White "Common, Pierre Alexandre"]
[Black "Gollain, Marc"]
[Result "1-0"]
[WhiteElo "2132"]
[BlackElo "2188"]
[PlyCount "69"]
[EventDate "2002.10.??"]
[EventType "team-tourn"]
[EventRounds "11"]
[EventCountry "FRA"]
[SourceTitle "EXT 2004"]
[Source "ChessBase"]
[SourceDate "2003.11.25"]
[SourceVersion "1"]
[SourceVersionDate "2003.11.25"]
[SourceQuality "1"]
[WhiteTeam "Le Mans"]
[BlackTeam "Bagneux"]
[WhiteTeamCountry "FRA"]
[BlackTeamCountry "FRA"]

1. Nc3 d5 2. e4 dxe4 3. Nxe4 e5 4. Bc4 Nc6 5. d3 Be7 6. Nf3 h6 7. 0-0 Nf6 8. Ng3 0-0 9. Bd2 Re8 10. Re1 Bd6 11. Bc3 a6 12. a3 Rb8 13. b4 Bd7 14. Qb1 b5 15. Bb3 Bg4 16. Re3 Qd7 17. Qb2 Re7 18. Nxe5 Nxe5 19. Bxe5 Bxe5 20. Rxe5 Rxe5 21. Qxe5 Re8 22. Qf4 Be6 23. Bxe6 Rxe6 24. h3 Qc6 25. Qd2 Qd5 26. Qf4 Rc6 27. Nf5 Re6 28. Ne3 Qd7 29. Rd1 Re8 30. c4 Re6 31. c5 Re7 32. Nf5 Re6 33. Kf1 Nd5 34. Qd4 c6 35. Qxg7# 1-0

[Event "FRA-chT2W 0203"]
[Site "France"]
[Date "2003.01.19"]
[Round "6"]
[White "Common, Pierre Alexandre"]
[Black "Chaudagne, Christophe"]
[Result "1/2-1/2"]
[WhiteElo "2132"]
[BlackElo "2130"]
[PlyCount "140"]
[EventDate "2002.10.??"]
[EventType "team-tourn"]
[EventRounds "11"]
[EventCountry "FRA"]
[SourceTitle "EXT 2004"]
[Source "ChessBase"]
[SourceDate "2003.11.25"]
[SourceVersion "1"]
[SourceVersionDate "2003.11.25"]
[SourceQuality "1"]
[WhiteTeam "Le Mans"]
[BlackTeam "Clermont Ferrand"]
[WhiteTeamCountry "FRA"]
[BlackTeamCountry "FRA"]

1. Nc3 d5 2. e4 e6 3. d4 Nf6 4. Bg5 Bb4 5. e5 h6 6. exf6 hxg5 7. fxg7 Rg8 8. h4 gxh4 9. Qh5 Qf6 10. Qxh4 Qxg7 11. Nf3 Bd7 12. 0-0-0 Be7 13. Qf4 Bd6 14. Qe3 Be7 15. Kb1 Nc6 16. Nb5 0-0-0 17. Qf4 e5 18. dxe5 Be6 19. Nbd4 Nxd4 20. Nxd4 Rh8 21. Rxh8 Rxh8 22. g3 Rh5 23. Nxe6 fxe6 24. Re1 Bc5 25. Bd3 Rh2 26. Rf1 Rh5 27. Re1 Rh2 28. Rf1 Rh5 29. b4 Bb6 30. Qf6 Qxf6 31. exf6 Kd7 32. g4 Rg5 33. Rh1 Rxg4 34. Rh7+ Ke8 35. c3 Bxf2 36. Rxc7 Bg3 37. Rxb7 Be5 38. Re7+ Kf8 39. Rxe6 Bxc3 40. a3 Rf4 41. Rd6 Rxf6 42. Rxd5 Ke7 43. Kc2 Ba1 44. Bf5 Rd6 45. Rc5 Bd4 46. Rc7+ Kd8 47. Rh7 Rd5 48. Be6 Rd6 49. Bh3 Be3 50. Bf5 Bd4 51. Kb3 Bf2 52. a4 Rd5 53. Be4 Rd7 54. Rh2 Be3 55. Rh3 Bf2 56. Rh2 Be3 57. Re2 Bg1 58. a5 Rd1 59. Bc2 Rd5 60. Rg2 Be3 61. Rg7 Rd7 62. Rg3 Bf2 63. Rg2 Be3 64. Re2 Bg1 65. Bf5 Rd5 66. Be4 Rd6 67. b5 Kc7 68. Rc2+ Kb8 69. a6 Bb6 70. Bb7 Rd8 1/2-1/2

[Event "FRA-chT2W 0203"]
[Site "France"]
[Date "2002.12.08"]
[Round "4"]
[White "Serralta, Michel"]
[Black "Common, Pierre Alexandre"]
[Result "1/2-1/2"]
[WhiteElo "2026"]
[BlackElo "2126"]
[PlyCount "115"]
[EventDate "2002.10.??"]
[EventType "team-tourn"]
[EventRounds "11"]
[EventCountry "FRA"]
[SourceTitle "EXT 2004"]
[Source "ChessBase"]
[SourceDate "2003.11.25"]
[SourceVersion "1"]
[SourceVersionDate "2003.11.25"]
[SourceQuality "1"]
[WhiteTeam "Brest"]
[BlackTeam "Le Mans"]
[WhiteTeamCountry "FRA"]
[BlackTeamCountry "FRA"]

1. d4 d6 2. c4 Nf6 3. Nc3 e5 4. Nf3 Nbd7 5. e4 Be7 6. Be2 0-0 7. 0-0 Re8 8. h3 Bf8 9. Qc2 g6 10. Be3 Bg7 11. d5 Qe7 12. b4 a6 13. Nd2 Qf8 14. Nb3 Bh6 15. Qd2 Bxe3 16. Qxe3 Qe7 17. c5 Rf8 18. a4 Ne8 19. c6 bxc6 20. dxc6 Ndf6 21. Rfd1 Ng7 22. b5 Ne6 23. g3 Ng7 24. Bf1 Be6 25. Na5 axb5 26. axb5 Nfh5 27. Kh2 f5 28. Nc4 Rxa1 29. Rxa1 Qf7 30. Nd2 f4 31. Qe1 fxg3+ 32. fxg3 Qf2+ 33. Bg2 Nxg3 34. Qxf2 Rxf2 35. Nf3 N7h5 36. Ng5 Bc4 37. Nd1 Rf8 38. Rb1 h6 39. Ne3 Bxb5 40. Ne6 Bxc6 41. Nxf8 Kxf8 42. Rb4 Ke7 43. Bf3 Kf6 44. Kg2 Kg5 45. Kf2 Kh4 46. Rc4 Bb7 47. Rxc7 Bxe4 48. Rc4 Nf6 49. Bg2 d5 50. Nxd5 Nxd5 51. Bxe4 Nxe4+ 52. Rxe4+ Nf4 53. Kf3 g5 54. Rxe5 Nxh3 55. Re4+ Kh5 56. Kg3 Nf4 57. Rxf4 gxf4+ 58. Kxf4 1/2-1/2

[Event "Paris-ch op"]
[Site "Paris"]
[Date "1999.07.19"]
[Round "3"]
[White "Jablonski, Noham"]
[Black "Common, Pierre Alexandre"]
[Result "0-1"]
[WhiteElo "2059"]
[BlackElo "2165"]
[PlyCount "34"]
[EventDate "1999.07.17"]
[EventType "swiss"]
[EventRounds "9"]
[EventCountry "FRA"]
[SourceTitle "EXT 2000"]
[Source "ChessBase"]
[SourceDate "1999.11.16"]
[SourceVersion "1"]
[SourceVersionDate "1999.11.16"]
[SourceQuality "1"]

1. e4 d6 2. d4 Nf6 3. Nc3 c6 4. Bd3 e5 5. Nf3 Bg4 6. Be2 Nbd7 7. 0-0 Be7 8. dxe5 dxe5 9. Nd2 Be6 10. Nc4 Bxc4 11. Bxc4 b5 12. Bd3 Nc5 13. f4 h5 14. fxe5 Ng4 15. Be2 Qb6 16. Bxg4 Nxe4+ 17. Kh1 Ng3+ 0-1